[Event "1984 - Gruppe A"]
[Site "?"]
[Date "2008.??.??"]
[Round "7"]
[White "Mirage, Mephisto"]
[Black "Elite A/S Budapest 8 Mhz, Fidelity"]
[Result "0-1"]
[WhiteElo "1508"]
[BlackElo "1860"]
[Annotator "Peter Haupert"]
[PlyCount "84"]
[EventDate "2008.??.??"]

1. c4 c5 2. Nf3 Nf6 {Ende Bibi Elite Budapest} 3. Nc3 {Ende Bibi Mirage} d6 4.
d4 cxd4 5. Nxd4 e5 $6 {verursacht einen rückständigen Bauern} 6. Nf3 e4 7. Ng5
Bf5 8. f3 (8. g4 $5 Bxg4 9. Rg1 Nc6 10. Bg2 Be6 11. Ngxe4 Nxe4 12. Bxe4 Bxc4
13. Bxc6+ bxc6) 8... exf3 9. exf3 Nc6 10. Bf4 Qe7+ 11. Qe2 Qxe2+ 12. Bxe2 Nd4
13. Rd1 Nxe2 14. Kxe2 $1 h6 15. Nge4 Nxe4 16. Nxe4 Bxe4 17. fxe4 $16 Rc8 18.
Rd4 {besser Pb3} Be7 19. Bxd6 $2 {Pb3!} Bxd6 20. Rxd6 Rxc4 21. Rhd1 O-O 22. Kd3
Rfc8 23. Rd7 R4c7 24. Ke3 Rxd7 25. Rxd7 Rc2 26. Rxb7 Rxg2 27. Rxa7 $6 Rxb2 28.
Ra8+ Kh7 29. Ra7 Kg6 {Es ist immer noch Remis, aber der Mirage muß jetzt
aufpassen das die schwarzen Bauern nicht gefährlich werden.} 30. Ra6+ f6 31. h4
Kh5 32. a4 $6 {Ra7!} Kxh4 33. a5 Ra2 34. Kd4 $6 h5 35. Kd5 $2 {
Der König läuft in die falsche Richtung} Ra4 {besser Pg5!} 36. Ra7 $2 g5 37.
Ra8 g4 38. e5 fxe5 39. Kc6 g3 40. Kb6 g2 41. Rg8 Rg4 42. Rxg4+ Kxg4 {Ein glückl
icher Sieg für den Gruppenfavoriten Elite Budapest. Das Remis hat der Mirage
im Endspiel versemmelt.} 0-1

[Event "1984 - Gruppe A"]
[Site "?"]
[Date "2008.??.??"]
[Round "8"]
[White "Constellation, Novag"]
[Black "Mirage, Mephisto"]
[Result "1-0"]
[WhiteElo "1711"]
[BlackElo "1508"]
[Annotator "Peter Haupert"]
[PlyCount "39"]
[EventDate "2008.??.??"]

1. e4 e5 2. Nf3 Nc6 3. Bc4 Bc5 4. d3 {Ende Bibi Constellation} Nf6 5. Nc3 d6 6.
O-O Bg4 {Ende Bibi Mirage} 7. h3 Bxf3 8. Qxf3 Nb4 $6 9. Qg3 $1 Nxc2 $4 10. Qxg7
Rf8 11. Bh6 $2 (11. Bg5 $1 Nxa1 12. Bxf6 Qd7 13. Rxa1 $18) 11... Nd7 12. Qxh7 {
wieder Bg5} Nxa1 $4 (12... Qh4 $1 13. Qg7 c6 $1 14. Bg5 Qh5 $13) 13. Bxf8 Qf6
14. Bg7 Qe7 15. Nd5 Nf8 16. Qg8 Qg5 17. Qxf8+ Kd7 18. Qxf7+ Kd8 19. Qxc7+ Ke8
20. Bb5# {Eine schöne Kurzpartie vom Constellation!} 1-0

[Event "1984 - Gruppe A"]
[Site "?"]
[Date "2008.??.??"]
[Round "10"]
[White "MGS Steinitz Edition 4"]
[Black "Mirage, Mephisto"]
[Result "0-1"]
[WhiteElo "1600"]
[BlackElo "1508"]
[Annotator "Peter Haupert"]
[PlyCount "102"]
[EventDate "2008.??.??"]

1. e4 e5 2. Nf3 Nc6 3. Bb5 a6 4. Bxc6 dxc6 5. O-O Bg4 6. h3 h5 $1 7. d3 Qf6 8.
Nbd2 {Ende Bibi Steinitz} Bd6 {Ende Bibi Mirage} 9. hxg4 $2 hxg4 10. Nh2 $4 {
voll in die Falle gelaufen} (10. Nc4 $1 gxf3 11. Qxf3 Qh4 12. Qh3 Qxh3 13. gxh3
Rxh3 14. Kg2 $15) 10... Qh4 11. Re1 Qxh2+ (11... Bc5 $1 12. Re3 Bxe3 13. Qe1
Qxh2+ 14. Kf1 Bxd2 15. Bxd2 O-O-O $19) 12. Kf1 Qh1+ 13. Ke2 Qxg2 14. Rg1 Qh3
15. b3 O-O-O 16. Bb2 Nf6 $2 17. Rg3 $2 (17. Rh1 $1 Qg2 18. Qg1 Qxg1 19. Raxg1
Rxh1 20. Rxh1 Kd7 21. Nc4 $17) 17... Qh4 18. Nc4 Nh5 19. Rg1 $4 {
in dieser Stellung ist Steinitz hoffnungslos überfordert} Bc5 (19... Nf4+ 20.
Kd2 Qxf2+ 21. Kc1 Ne2+ 22. Kb1 Qxg1 23. Qxg1 Nxg1 $19) 20. Rf1 f6 {Ng3!} 21.
Ke1 g3 22. Qe2 Nf4 23. Qf3 gxf2+ 24. Kd2 g5 $6 {Qg5->Rh3!} 25. Ne3 Bb4+ $2 (
25... Bxe3+ $1 26. Qxe3 Nh3) 26. Bc3 Bxc3+ 27. Kxc3 Qh3 28. Qxf2 Qd7 29. Kb2 $2
{mit Nf5! hätte Steinitz wieder reelle Chancen gehabt} Qd4+ 30. Kb1 c5 31. Qf3
$2 Rh2 32. Ng4 $2 Rh3 $4 {es geht weiter mit Kraut & Rüben} (32... Rxc2 $1 33.
Kxc2 Nxd3) 33. Qd1 Rd6 34. a3 Rg3 35. Rh1 Rg2 36. Rh8+ Kd7 37. Rh7+ Kc6 38. b4
Rg1 39. Nxe5+ fxe5 40. Qxg1 Qxg1+ 41. Ka2 Qd4 42. Rb1 c4 43. Rc1 Qc3 44. Rhh1
Ne2 45. Rb1 Qxc2+ 46. Rb2 Qxd3 47. Re1 Nc3+ 48. Ka1 Qd1+ 49. Rb1 Rd2 50. b5+
axb5 51. Rexd1 Ra2# 0-1

[Event "1984 - Gruppe A"]
[Site "?"]
[Date "2008.??.??"]
[Round "3"]
[White "Elite A/S Budapest 8 Mhz, Fidelity"]
[Black "Sensory 9 B, Fidelity"]
[Result "1-0"]
[WhiteElo "1860"]
[BlackElo "1571"]
[Annotator "Peter Haupert"]
[PlyCount "81"]
[EventDate "2008.??.??"]

1. e4 c5 2. Nf3 d6 3. d4 cxd4 {Ende Bibi Sensory 9} 4. Nxd4 Nf6 5. Nc3 a6 6.
Bg5 e6 7. f4 Be7 8. Qf3 Qc7 9. O-O-O Nbd7 10. g4 b5 11. Bxf6 Nxf6 12. g5 Nd7
13. a3 O-O {Hier endet für beide die Bibliothek. Eine Fidelity Prachtvariante!}
14. h4 $1 {der Elite erkennt direkt den Angriff} Bb7 15. h5 Rfc8 $2 {Pb4!} 16.
g6 $1 Bf6 17. Bxb5 $6 hxg6 $2 (17... axb5 18. gxf7+ Kh8 19. Ndxb5 Qb8 20. Nxd6
Rxc3 $1 21. bxc3 Bc6 22. h6 g6 $13) 18. hxg6 {+1.89 Elite Budapest} e5 $4 19.
Rh8+ $1 Kxh8 20. Qh5+ Kg8 21. gxf7+ (21. Qh7+ Kf8 22. Qh8+ Ke7 23. Nf5+ Ke6 24.
Bc4+ d5 25. exd5+ Bxd5 26. Bxd5+ Kxf5 27. Qh3+ Kxf4 28. Ne2+ Kg5 29. Rg1# {
genial}) 21... Kf8 22. Ne6+ Ke7 23. Nxc7 Rxc7 24. Bxd7 Rxd7 25. fxe5 Bxe5 26.
Nd5+ Bxd5 27. exd5 Rb7 28. c3 Bf4+ 29. Kc2 Rab8 30. Re1+ Be5 31. b4 Rc8 32.
Rxe5+ $1 {genau} dxe5 33. Qf5 Ra8 34. f8=Q+ Rxf8 35. d6+ Kxd6 36. Qxf8+ Ke6 37.
Qc8+ Rd7 38. Qxa6+ Rd6 39. Qc8+ Rd7 40. c4 Kd6 41. c5+ {
Eine sagenhafte Partie vom Elite, nach Traumvorlage aus der Eröffnung} 1-0

[Event "1984 - Gruppe A"]
[Site "?"]
[Date "2008.??.??"]
[Round "4"]
[White "Prestige + CB16, Fidelity"]
[Black "Sensory 9 B, Fidelity"]
[Result "1-0"]
[WhiteElo "1700"]
[BlackElo "1571"]
[Annotator "Peter Haupert"]
[PlyCount "97"]
[EventDate "2008.??.??"]

1. e4 e5 2. Nf3 Nc6 3. Bb5 a6 4. Ba4 Nf6 5. O-O Nxe4 6. d4 b5 7. Bb3 d5 8. dxe5
Be6 9. c3 Be7 {Ende Bibi Sensory 9} 10. Be3 O-O 11. Nbd2 Bg4 12. Nxe4 dxe4 13.
Qd5 $1 exf3 14. Qxc6 fxg2 15. Qxg2 Qd7 16. Bh6 $1 gxh6 17. f3 {
letzter Zug Bibi Prestige mit CB16} h5 $6 18. fxg4 $2 (18. Rad1 Qc6 19. fxg4
Qxg2+ 20. Kxg2 Rad8 21. Rxd8 Bxd8 22. gxh5 $16) 18... Qxg4 19. Rad1 Rae8 20.
Rf5 Bc5+ 21. Kh1 Qxg2+ 22. Kxg2 h4 $2 23. e6 $1 fxe6 24. Rxc5 Re7 25. Rc6 Rg7+
26. Kh1 a5 27. Bxe6+ Kh8 28. Rc5 b4 29. Rxa5 bxc3 30. bxc3 Rg6 31. Re5 Rf2 32.
a4 {besser Bc4!} Kg7 (32... Rgg2 33. Rd8+ Kg7) 33. Re4 Kf6 34. Bh3 Rg5 35. Re6+
Kg7 36. Re7+ Kg6 37. Rxc7 Ra5 38. Rd6+ Rf6 39. Rd4 Rh5 40. Rg4+ Rg5 41. Rxh4 h5
42. Rb4 Re5 43. Rb1 Re2 44. Rg1+ Kh6 45. Rc8 Kh7 46. Rc5 Kh6 47. Rxh5+ Kxh5 48.
Bg4+ Kh6 49. Bxe2 1-0

[Event "1984 - Gruppe A"]
[Site "?"]
[Date "2008.??.??"]
[Round "5"]
[White "Sensory 9 B, Fidelity"]
[Black "Turbostar 432 KSO, SciSys"]
[Result "1-0"]
[WhiteElo "1571"]
[BlackElo "1764"]
[Annotator "Peter Haupert"]
[PlyCount "181"]
[EventDate "2008.??.??"]

1. c4 e5 2. Nc3 Nc6 3. Nf3 Nf6 4. g3 Bb4 5. Bg2 O-O 6. O-O {Ende Bibi Sensory 9
} Bxc3 {Ende Bibi Turbostar} 7. dxc3 d6 8. Bg5 Be6 9. Qd3 e4 10. Bxf6 exd3 11.
Bxd8 dxe2 12. Rfe1 Raxd8 13. b3 Bg4 14. Rxe2 Ne5 15. Re3 Bxf3 16. Bxf3 Nxf3+
17. Rxf3 {Der Rauch hat sich gelichtet und wir sind in einem remislichen
Turmendspiel gelandet.} Rfe8 18. Re3 Rxe3 19. fxe3 Re8 20. Kf2 b6 21. Rd1 Kf8
22. Kf3 a5 23. h3 Ke7 24. Kf4 Kf6 25. a3 g5+ 26. Kf3 Re5 27. e4 h5 28. Ke3 Ke6
29. Kd3 a4 30. b4 g4 31. hxg4 hxg4 32. Rh1 Rg5 33. Rh6+ Rg6 34. Rh4 (34. Rxg6+
fxg6 35. Ke3 Ke5 $11) 34... Rf6 35. Rxg4 Rf3+ 36. Kc2 Rf2+ 37. Kb1 Ke5 38. Rh4
Rf3 39. Kc2 Rxg3 40. Kd2 Rg2+ 41. Kd3 Ra2 42. Rh7 Kf6 43. c5 $1 dxc5 44. bxc5
b5 $1 45. Rh6+ Ke7 46. Rc6 Kd7 47. Rf6 Ke7 48. Rc6 {Remis?} Kd7 49. Rf6 Ke8 {
Nein!} 50. Rc6 Kd8 51. Rf6 Ke8 52. Rc6 {Remis?} Rxa3 {Nein!} 53. Rxc7 b4 54.
Kc4 bxc3 $2 {Pb3!} 55. Kd3 c2+ 56. Kxc2 Re3 57. c6 Rxe4 58. Kd3 Re6 59. Kd4 Kf8
60. Kd5 Re2 61. Rb7 Rc2 62. Ra7 Rd2+ $2 (62... a3 63. Rxa3 Ke7 64. Ra7+ Kd8 65.
Rxf7 Rd2+ {Remis mit Dauerschach}) 63. Kc5 Ke8 64. Rxa4 Ke7 {Kd8!} 65. c7 Rc2+
$2 {Kd7!} 66. Kb6 Kd6 67. Rd4+ Ke5 {
und der König ist vom Umwandlungsfeld abgeschnitten} 68. Rd8 Rb2+ 69. Ka5 Ra2+
70. Kb4 Rc2 71. Re8+ Kd6 72. c8=Q Rxc8 73. Rxc8 f5 74. Rc5 Ke6 75. Kb5 f4 76.
Rc8 Kd5 77. Rd8+ Ke4 78. Rf8 $4 (78. Kc4 Ke3 79. Kc3 Ke4 80. Re8+ $18) 78...
Ke3 79. Kc4 f3 80. Re8+ Kf2 $4 {Kd2 = Remis} 81. Kd3 Kg2 82. Rf8 Kf2 83. Ke4
Kg3 84. Rxf3+ Kg4 85. Rf4+ Kg3 86. Ke3 Kg2 87. Rf3 Kg1 88. Rg3+ Kh1 89. Kf2 Kh2
90. Re3 Kh1 91. Rh3# {Ein glücklicher Sieg für den Sensory 9B und ein herber
Rückschlag für den Turbostar KSO in diesem Turnier.} 1-0

[Event "1984 - Gruppe A"]
[Site "?"]
[Date "2008.??.??"]
[Round "6"]
[White "Sensory 9 B, Fidelity"]
[Black "MGS Master Chess Trio S"]
[Result "1-0"]
[WhiteElo "1571"]
[BlackElo "1600"]
[Annotator "Peter Haupert"]
[PlyCount "56"]
[EventDate "2008.??.??"]

1. e4 d6 2. d4 Nf6 3. Nc3 g6 4. f4 Bg7 5. Nf3 O-O 6. Bd3 Nc6 7. O-O Bg4 8. e5
dxe5 9. dxe5 Nd5 10. h3 Nxc3 11. bxc3 Bf5 {
Ende Bibi Grünfeld; Wechsel auf Morphy} 12. Bxf5 {Ende Bibi Sensory 9} gxf5 13.
Nd4 Nxd4 14. cxd4 b6 15. Ba3 $1 f6 $2 16. c3 {Pe6! ist der Pfahl im Fleisch}
fxe5 17. Qb3+ Kh8 18. fxe5 Qd7 $2 (18... c5 $1 19. Rad1 Qc7 $14) 19. e6 $1
Bxd4+ $4 {Fata Morgana?} 20. Kh1 Qc6 21. cxd4 Rae8 $2 22. d5 $1 Qb7 23. Qc3+
Kg8 24. Qg3+ Kh8 25. Bb2+ Rf6 26. Rxf5 Rg8 27. Rxf6 {Matt in 3 angesagt} exf6
28. Bxf6+ Rg7 1-0

[Event "1984 - Gruppe A"]
[Site "?"]
[Date "2008.??.??"]
[Round "7"]
[White "Glasgow 68000 EMU, Mephisto"]
[Black "Sensory 9 B, Fidelity"]
[Result "1-0"]
[WhiteElo "1700"]
[BlackElo "1571"]
[Annotator "Peter Haupert"]
[PlyCount "101"]
[EventDate "2008.??.??"]

1. e4 e5 2. Nf3 Nc6 3. Bc4 Nf6 {Ende Bibi Sensory 9} 4. d3 {Ende Bibi Glasgow}
Bb4+ 5. c3 Bc5 6. O-O O-O 7. Qb3 $6 {Pd4!} d6 8. Na3 Na5 9. Qc2 $2 Bxa3 10.
bxa3 Nxc4 11. dxc4 {Die Bauernformation vom Glasgow ist vollkommen verhunzt.}
Bg4 12. Qe2 Rb8 13. Rb1 Re8 14. h3 Bd7 15. Bg5 Ba4 16. Bxf6 Qxf6 17. Rfe1 Qf4
18. Qe3 Qxe3 19. Rxe3 f5 $6 20. Rb4 fxe4 21. Rxe4 $2 (21. Rxa4 exf3 22. Rxf3 a6
23. c5 $1 $15) 21... Bc6 22. Re3 Kf7 $6 {Der Sensory 9 hat klaren
positionellen Vorteil und hätte nun die Türme entwickeln sollen. Stattdessen
rennt er mit seinem König in die Gefahrenzone.} 23. Ng5+ Kf6 24. h4 h6 25. Nh3
e4 $6 26. Nf4 Ke5 27. Ne2 Rf8 28. f3 a5 $6 {Pb6} 29. Rb1 b6 30. fxe4 Bxe4 $4 {
Nach vielen schwächeren Zügen, stellt der Sensory 9 hier die Partie komplett
ein.} 31. Re1 d5 32. cxd5 c6 $2 33. dxc6 Kd5 34. Rd1+ Kxc6 35. Nd4+ Kd5 36.
Nf3+ Kc5 37. Rxe4 Rbd8 38. Red4 Rde8 39. Rd7 g6 40. Rc7+ Kb5 41. Rb1+ Ka6 42.
Rc6 Rb8 43. Rxg6 h5 44. Ne5 Rf4 45. Nd7 Rh8 46. Rgxb6+ Ka7 47. R1b5 Ra4 48. Nc5
Rh6 49. Rb7+ Ka8 50. Rb8+ Ka7 51. R5b7# 1-0

[Event "1984 - Gruppe A"]
[Site "?"]
[Date "2008.??.??"]
[Round "8"]
[White "Sensory 9 B, Fidelity"]
[Black "Constellation, Novag"]
[Result "0-1"]
[WhiteElo "1571"]
[BlackElo "1711"]
[Annotator "Peter Haupert"]
[PlyCount "80"]
[EventDate "2008.??.??"]

1. e4 e5 2. Nf3 Nc6 3. Bb5 a6 4. Bxc6 dxc6 5. O-O {Ende Bibi Sensory 9} Bd6 {
Ende Bibi Constellation} 6. Nc3 Bg4 7. d3 Nf6 8. Be3 Bb4 9. Na4 Qe7 10. a3 Bd6
11. h3 Bh5 12. g4 Bg6 {schade, kein PSH a la Super Conny} (12... Nxg4 $5 13.
hxg4 Bxg4 14. Kg2 Qf6 $15) 13. Nh4 b5 14. Nxg6 $2 (14. g5 $1 Nxe4 $1 15. dxe4
bxa4 16. Qg4 $13) 14... hxg6 15. Nc3 Rxh3 16. Kg2 Rh8 17. Rh1 Rxh1 18. Kxh1
O-O-O $1 {Der Constellation bittet zum Tanz} 19. Kg1 Bc5 20. Bxc5 Qxc5 21. g5
Nd7 22. Qf3 f6 23. Qg4 fxg5 $6 {Pf5!} 24. Qxg5 Rf8 25. Rf1 Rf6 26. Qg4 Qd4 27.
Qh4 Rf7 28. Qg5 Rf6 29. Qh4 Nf8 30. Qh8 $2 Qd7 $1 31. Kh1 $4 g5 32. f4 Rh6+ 33.
Qxh6 gxh6 34. fxe5 Qh3+ 35. Kg1 Ng6 36. a4 $2 Qg3+ 37. Kh1 Nh4 38. Rf8+ Kb7 39.
Rf2 Qxf2 40. axb5 Qg2# 0-1

[Event "1984 - Gruppe A"]
[Site "?"]
[Date "2008.??.??"]
[Round "10"]
[White "Sensory 9 B, Fidelity"]
[Black "MGS Steinitz Edition 4"]
[Result "0-1"]
[WhiteElo "1571"]
[BlackElo "1600"]
[Annotator "Peter Haupert"]
[PlyCount "110"]
[EventDate "2008.??.??"]

1. e4 c5 2. Nf3 Nc6 3. d4 cxd4 4. Nxd4 {Letzter Zug Bibi Sensory 9} e5 {
Löwenthal Variante; letzter Zug Bibi Steinitz} 5. Nxc6 bxc6 6. Be3 Nf6 7. Nc3
Bb4 8. Qd3 d5 9. a3 $2 Qa5 $2 (9... Bxc3+ 10. Qxc3 d4 11. Qxc6+ Bd7 12. Qc5
dxe3 $19) 10. Bd2 d4 11. Nb1 Bxd2+ 12. Nxd2 Rb8 13. Rb1 Bg4 14. c3 dxc3 15. Nc4
Qc7 16. Qxc3 Nxe4 17. Qxe5+ Qxe5 18. Nxe5 Bd7 19. Nxd7 $2 (19. Rd1 $1 Rd8 20.
Bc4 Rf8 21. f3 Ng5 22. Kf2 $18) 19... Kxd7 20. Rd1+ Kc7 21. f3 Nd6 22. b4 Nb5
23. Rd3 Rbd8 24. Rxd8 Rxd8 25. Bxb5 cxb5 26. Ke2 Re8+ 27. Kd3 f5 28. Rc1+ Kb6
29. Rc2 f4 30. Kd4 Re3 31. Ra2 $6 a5 32. Ra1 {zu passiv} axb4 {+0.42 Steinitz}
33. axb4 Rb3 34. Kd5 $2 (34. Ra8 Rxb4+ 35. Kc3 $1 $17) 34... Rxb4 35. Ra2 Rc4
36. Re2 Rc7 37. Re6+ Ka5 38. g3 Rd7+ 39. Ke5 fxg3 40. hxg3 b4 41. Ke4 b3 42.
Re5+ {Re8!} Kb4 43. Re6 b2 44. Rb6+ Kc3 45. f4 Re7+ (45... Rd4+ 46. Kf3 Rb4)
46. Kf5 Re1 47. Rc6+ Kd4 48. Rb6 b1=Q+ 49. Rxb1 Rxb1 50. Kg5 Rb5+ 51. f5 Ke4
52. g4 Rb6 53. Kh4 Kf4 54. Kh3 Rh6+ 55. Kg2 Kxg4 0-1

[Event "1984 - Gruppe A"]
[Site "?"]
[Date "2008.??.??"]
[Round "4"]
[White "MGS Master Chess Trio S"]
[Black "Glasgow 68000 EMU, Mephisto"]
[Result "1/2-1/2"]
[WhiteElo "1600"]
[BlackElo "1700"]
[Annotator "Peter Haupert"]
[PlyCount "89"]
[EventDate "2008.??.??"]

1. d4 Nf6 2. c4 e6 3. Nc3 d5 4. Nf3 {Ende Bibi Grünfeld; Wechsel auf Morphy} c6
5. cxd5 exd5 6. Bf4 Bd6 {Ende Bibi Glasgow} 7. Bxd6 Qxd6 8. e3 Qb4 $6 9. Qc2
O-O 10. Bd3 Na6 $6 11. Bxa6 bxa6 12. O-O Rb8 13. Na4 Bf5 {-0.86 Glasgow} 14.
Qxf5 Qxa4 15. b3 Qa5 16. Rfc1 {Morphy steht wesentlich besser. Der Pc6 ist
rückständig und die Doppelbauern auf der A-Linie verheißen auch keinen Erfolg.}
Qc7 17. Ne5 Rb6 18. Qc2 {zu passiv} Rc8 19. Qf5 Qb7 20. Rc2 Rc7 21. Rac1 h6 22.
Nd3 a5 23. Rc5 a4 $1 24. bxa4 Ne4 25. R5c2 Rb1 26. Qf4 Rxc1+ 27. Rxc1 Qb6 28.
Qe5 Kf8 29. Qf5 Qa5 $4 30. Nf4 $2 {Rb1->b8 gewinnt} Qd2 31. Rf1 Kg8 32. Qe5 Qa5
33. Rc1 Qd2 34. Rf1 Qa5 35. Nh5 f6 36. Qe6+ Kh7 37. f3 $2 (37. Qf5+ Kg8 38. Rb1
$1 $18) 37... Nc3 38. Qf5+ Kh8 39. Nf4 Qxa4 40. Ra1 Qa5 41. Ng6+ Kh7 42. Nf4+ (
42. Ne7+ Kh8 43. Qe6 Ne2+ 44. Kh1 Rxe7 45. Qxe7 Qc3 46. Rf1 $18) 42... Kh8 43.
Ng6+ Kh7 44. Ne5+ Kh8 45. Ng6+ {keine Courage gegen den WM von 1984} 1/2-1/2

[Event "1984 - Gruppe A"]
[Site "?"]
[Date "2008.??.??"]
[Round "5"]
[White "Turbostar 432 KSO, SciSys"]
[Black "MGS Master Chess Trio S"]
[Result "1/2-1/2"]
[WhiteElo "1764"]
[BlackElo "1600"]
[Annotator "Peter Haupert"]
[PlyCount "122"]
[EventDate "2008.??.??"]

1. e4 Nf6 2. e5 Nd5 3. d4 d6 4. c4 Nb6 {Ende Grünfeld; Wechsel auf Morphy} 5.
exd6 {Ende Bibi Turbostar} Qxd6 $2 6. c5 Qe6+ 7. Be2 Nd5 8. Nf3 Nc6 9. O-O Bd7
10. Bc4 O-O-O $6 {
Eine eigenwillige Interpretation der Aljechin Verteidigung vom Morphy Programm}
11. Re1 Qf5 12. Bxd5 $2 Qxd5 13. Nc3 Qf5 14. Qa4 $1 e6 15. b4 Qd3 16. Re3 $2
Qc4 $1 17. Ba3 Nxd4 $6 18. Qxa7 Nxf3+ 19. Rxf3 Bc6 20. Rxf7 Qa6 21. Qxa6 bxa6
22. Re1 Rd3 23. Bb2 Be8 24. Rf4 Bd7 25. Ne4 Rd5 26. Rf7 Rg8 27. Bc3 Be8 28. Rf4
Be7 29. Ng3 g5 30. Rd4 Rxd4 31. Bxd4 Bd7 32. Ne4 Rf8 33. f3 Rf5 34. Kf2 g4 35.
Rg1 e5 36. Bc3 gxf3 37. gxf3 Bc6 38. Ke3 Kd7 39. Rg7 h6 40. Rh7 h5 41. a3 Bd5
42. Rh6 c6 43. h3 Bf7 44. Rh7 Ke6 45. Bb2 h4 46. Rh6+ Kd7 47. Rh7 Ke6 48. Nd6
Bxd6 49. Rh6+ Rf6 {Mit Aufforderung auf Capablanca zu wechseln} 50. Rxf6+ Kxf6
51. cxd6 Be6 52. f4 Bxh3 53. fxe5+ Ke6 54. Kf2 Kd5 55. Bc3 Be6 56. Ba1 c5 57.
bxc5 h3 58. c6 Kxc6 59. Bc3 Kd5 60. Bb2 Kc5 61. Kg1 {
mit ungleichfarbigen Läufern ein Remis} Kd5 1/2-1/2

[Event "1984 - Gruppe A"]
[Site "?"]
[Date "2008.??.??"]
[Round "6"]
[White "MGS Master Chess Trio S"]
[Black "Prestige + CB16, Fidelity"]
[Result "0-1"]
[WhiteElo "1600"]
[BlackElo "1700"]
[Annotator "Peter Haupert"]
[PlyCount "72"]
[EventDate "2008.??.??"]

1. d4 d5 2. c4 e6 3. Nc3 Nf6 4. cxd5 exd5 5. Bg5 c6 {Ende Bibi Prestige} 6. e3
{Ende Grünfeld; Wechsel auf Morphy} Bd6 7. Nf3 O-O 8. Be2 h6 9. Bxf6 Qxf6 10.
O-O Bf5 11. Qb3 Nd7 $1 12. Nd2 (12. Qxb7 Rfb8 13. Qa6 Rb6 14. Qa4 Rxb2 $15)
12... b5 13. Bxb5 $4 {höchst zweifelhaft} cxb5 14. Nxd5 Qg6 15. Qxb5 $2 Rab8
16. Qa5 Bh3 17. g3 Bxf1 18. Rxf1 Rxb2 {+2.93 Prestige} 19. Nc4 Rb1 $1 20. Nxd6
Rxf1+ 21. Kxf1 Qxd6 22. Nf4 a6 23. Qd5 Qc7 {besser Damentausch} 24. Ng6 $6 Rb8
(24... Nf6 $1 25. Qc6 Rc8 26. Qxc7 Rxc7 $19) 25. Ne7+ Kf8 26. Nc6 Rb6 27. Ne5
Nxe5 28. dxe5 Ke7 29. Qd4 Rb5 30. f4 $4 Qc1+ 31. Kg2 Rb2+ 32. Kh3 Qf1+ 33. Kg4
Qe2+ 34. Kf5 $2 g6+ {Matt in 3} 35. Ke4 Qg2+ 36. Kd3 Qc2# {
Eine Klatsche für Morphy} 0-1

[Event "1984 - Gruppe A"]
[Site "?"]
[Date "2008.??.??"]
[Round "7"]
[White "MGS Master Chess Trio S"]
[Black "Elite A/S Budapest 8 Mhz, Fidelity"]
[Result "0-1"]
[WhiteElo "1600"]
[BlackElo "1860"]
[Annotator "Peter Haupert"]
[PlyCount "106"]
[EventDate "2008.??.??"]

1. e4 e5 2. Nf3 Nc6 3. d4 exd4 4. c3 {das Göring Gambit} dxc3 {
Ende Bibi Elite Budapest} 5. Nxc3 {Ende Grünfeld-S; Wechsel auf Morphy} Bd6 6.
Be3 Nf6 7. Bd3 Ng4 8. Bg5 f6 9. Bh4 Nce5 {besser 0-0} 10. Nxe5 Nxe5 11. O-O
Nxd3 12. Qxd3 O-O 13. e5 $2 (13. Rae1 $1 Be5 14. f4 Bxc3 15. bxc3 $44) 13...
Bxe5 14. Qd5+ Kh8 15. Rfe1 (15. Qxe5 $1 fxe5 16. Bxd8 Rxd8 17. Nb5) 15... d6
16. Rad1 c6 17. Qd3 Bg4 18. f3 Qb6+ $2 {Bh5!} 19. Bf2 Qxb2 20. Bd4 $2 (20. Ne2
$1 Bh5 21. f4 Bxf4 22. Nxf4 Bxd1 23. Rxd1) 20... Bf5 21. Qe3 $2 Rae8 {
+3.88 Elite Budapest} 22. f4 Bxd4 23. Qxd4 Rxe1+ 24. Rxe1 Rc8 25. Re7 Qc1+ 26.
Nd1 $2 {Kf2} Bg4 27. Re1 Qc5 28. Qxc5 dxc5 {
und der Bauernsturm wird die Partie entscheiden} 29. Nf2 Bd7 30. Re7 Re8 $1 31.
Rxe8+ {mit Wechsel auf Capablanca-S} Bxe8 32. Ne4 c4 33. f5 Bd7 34. g4 b6 35.
Kf2 c5 36. Nc3 g6 37. fxg6 hxg6 38. h3 Kg7 39. Ke3 g5 40. Ke2 f5 41. gxf5 Bxf5
42. Nb5 Bxh3 43. Nxa7 $2 Be6 $2 {Bd7!} 44. Nb5 g4 45. Nc3 Bd7 46. Kd2 g3 47.
Ne2 g2 48. Ke3 Bc6 {Bg4!} 49. Kf2 Kf6 50. Kg1 b5 51. Nf4 b4 52. Nxg2 Bxg2 53.
Kf2 b3 0-1

[Event "1984 - Gruppe A"]
[Site "?"]
[Date "2008.??.??"]
[Round "8"]
[White "Constellation, Novag"]
[Black "MGS Master Chess Trio S"]
[Result "1-0"]
[WhiteElo "1711"]
[BlackElo "1600"]
[Annotator "Peter Haupert"]
[PlyCount "57"]
[EventDate "2008.??.??"]

1. e4 c5 2. Nf3 e6 3. d4 cxd4 4. Nxd4 a6 5. Nc3 Qc7 6. Be2 {
Ende Bibi Constellation} Nc6 {Ende Bibi Grünfeld; Wechsel auf Morphy} 7. O-O
Nxd4 $6 {Nf6} 8. Qxd4 e5 $4 {
wie so oft kann Morphy mit der vorgegebenen Eröffnung nichts anfangen} 9. Nd5
$1 Qd6 10. Qc3 Rb8 11. Rd1 Kd8 12. Bg5+ f6 13. Nxf6 Nxf6 14. Rxd6 Bxd6 15. f4
Re8 16. Bh5 Re7 17. Rd1 Bc7 18. Kh1 exf4 $2 19. Qc5 $2 (19. Bxf6 gxf6 20. Qxf6
{gewonnen}) 19... h6 20. Bxf6 gxf6 21. Bg6 b5 22. Qh5 Bb7 23. Qxh6 d5 $4 24.
Qf8+ Kd7 25. Bf5+ Re6 26. Qf7+ Kd8 27. Bxe6 Bc6 28. Qf8+ Be8 29. Qxf6# {
Das grausame Spiel hat ein Ende. Das Capablanca Modul kann sich schonen für
spätere Partien.} 1-0

[Event "1984 - Gruppe A"]
[Site "?"]
[Date "2008.??.??"]
[Round "10"]
[White "MGS Steinitz Edition 4"]
[Black "MGS Master Chess Trio S"]
[Result "1-0"]
[WhiteElo "1600"]
[BlackElo "1600"]
[Annotator "Peter Haupert"]
[PlyCount "49"]
[EventDate "2008.??.??"]

1. e4 e6 2. d4 d5 3. Nd2 dxe4 4. Nxe4 Nd7 5. Nf3 Ngf6 6. Nxf6+ Nxf6 7. Bd3 Be7
8. Qe2 O-O 9. Bg5 c5 10. dxc5 {Ende Bibi Steinitz} Bxc5 {
Ende Bibi Grünfeld; Wechsel auf Morphy} 11. O-O-O $5 Qb6 12. Bxf6 gxf6 13. Rhf1
Rd8 14. Kb1 {zu passiv} e5 $2 15. Nd2 (15. Qe4 $1 f5 16. Qxe5 $18) 15... Be6
16. Qf3 $2 Bd4 17. b3 $6 {besser Nb3} Rd7 $2 {
jetzt brennt es auf beiden Seiten und beide Könige sind Angriffen ausgesetzt}
18. Ne4 Rdd8 19. Nxf6+ {+1.93 Steinitz} Kg7 20. Nxh7 Rac8 $4 21. Qf6+ Kg8 22.
Qg5+ Kh8 23. Nf6 (23. Qh6 $1 Qxb3+ 24. axb3 Be3 25. Ng5+ Kg8 26. Bh7+ Kh8 27.
Qf6#) 23... Bf5 $2 {übersieht das Matt in 2} 24. Qh6+ Bh7 25. Qxh7# 1-0